000 00426nam a22001697a 4500
999 _c529059
_d529059
003 NUST
020 _c(Hbk)
038 _aMSOHAIL
082 _a910.4
100 _aRaza Ali Abidi
_916605
245 _a (جہازی بھائی (سفرنامہ
260 _aLahore :
_bSang e Meel Publications,
_c2006.
300 _a136 p. ;
_c25cm
880 _6100-01\r
_aرضا علی عابدی
880 _6245-02\r
942 _2ddc
_cBK